The abandoned kitten / (Record no. 7867)

MARC details
000 -LEADER
fixed length control field 01476nam a22003017a 4500
001 - CONTROL NUMBER
control field 7867
003 - CONTROL NUMBER IDENTIFIER
control field FISKH
005 - DATE AND TIME OF LATEST TRANSACTION
control field 20250812115033.0
008 - FIXED-LENGTH DATA ELEMENTS--GENERAL INFORMATION
fixed length control field 250812b cb ||||| |||| 00| 0 eng d
020 ## - INTERNATIONAL STANDARD BOOK NUMBER
International Standard Book Number 9781407133249
040 ## - CATALOGING SOURCE
Original cataloging agency FISKH
Language of cataloging eng
Transcribing agency FISKH
Modifying agency FISKH
050 ## - LIBRARY OF CONGRESS CALL NUMBER
Classification number PZ7
082 ## - DEWEY DECIMAL CLASSIFICATION NUMBER
Classification number 823.92
100 ## - MAIN ENTRY--PERSONAL NAME
Personal name Mongredien, Sue
245 ## - TITLE STATEMENT
Title The abandoned kitten /
Statement of responsibility, etc. By Sue Mongredien ; Illustrated by Jon Davis
250 ## - EDITION STATEMENT
Edition statement This edition first published in 2013
260 ## - PUBLICATION, DISTRIBUTION, ETC.
Place of publication, distribution, etc. London :
Name of publisher, distributor, etc. Scholastic,
Date of publication, distribution, etc. 2013
300 ## - PHYSICAL DESCRIPTION
Extent 132 pages :
Other physical details illustrations ;
Dimensions 20 cm
505 ## - FORMATTED CONTENTS NOTE
Formatted contents note R<br/>
520 ## - SUMMARY, ETC.
Summary, etc. Eight-year-old Lily is always surrounded by animals. Her mum works at an RSPCA centre as an Animal Care Assistant. Lily thinks it's the best job ever. Sometimes Mum has to care for animals at home, and on one rainy evening, Mum arrives with three tiny kittens. The poor things have been abandoned, and Lily and Mum must stay up through the night to look after them. But there's another member of Lily's family that wants to help - Poppy their crossbreed dog gently mothers the kittens in their basket. Poppy was brought to the RSPCA as a tiny puppy and was handreared herself. Together, Mum, Lily and Poppy will be able to nurse the kittens back to health.<br/>
521 8# - TARGET AUDIENCE NOTE
Target audience note 700<br/>
Source Lexile<br/>
521 8# - TARGET AUDIENCE NOTE
Target audience note R<br/>
Source Raz-Plus<br/>
650 ## - SUBJECT ADDED ENTRY--TOPICAL TERM
Source of heading or term Chapter book
Topical term or geographic name entry element Danish
650 ## - SUBJECT ADDED ENTRY--TOPICAL TERM
Source of heading or term Children's book
Topical term or geographic name entry element Rainbow
700 ## - ADDED ENTRY--PERSONAL NAME
Personal name Davis, Jon
Dates associated with a name illustrator
942 ## - ADDED ENTRY ELEMENTS (KOHA)
Source of classification or shelving scheme Dewey Decimal Classification
Koha item type Books
Suppress in OPAC No
Holdings
Withdrawn status Lost status Source of classification or shelving scheme Damaged status Not for loan Collection Home library Current library Shelving location Date acquired Total Checkouts Full call number Barcode Date last seen Date last checked out Copy number Price effective from Koha item type
    Dewey Decimal Classification     Juvenile Fiction Footprints International School Library Network Toul Tom Poung Campus Footprints International School Library Network Toul Tom Poung Campus TTP Primary Orange Bookshelves 08/12/2025 1 MON 823.92 PZ7 FIS05488 12/18/2025 11/14/2025 1 08/12/2025 Books